| 000 -LEADER |
| fixed length control field |
00768nam a22002057a 4500 |
| 005 - DATE AND TIME OF LATEST TRANSACTION |
| control field |
20200218112631.0 |
| 008 - FIXED-LENGTH DATA ELEMENTS--GENERAL INFORMATION |
| fixed length control field |
200218b ||||| |||| 00| 0 eng d |
| 020 ## - INTERNATIONAL STANDARD BOOK NUMBER |
| International Standard Book Number |
9780007584642 |
| 040 ## - CATALOGING SOURCE |
| Transcribing agency |
KH8 |
| 082 ## - DEWEY DECIMAL CLASSIFICATION NUMBER |
| Classification number |
FIC ROT |
| 100 ## - MAIN ENTRY--PERSONAL NAME |
| Personal name |
Roth, Veronica |
| Relator term |
author |
| 245 ## - TITLE STATEMENT |
| Title |
Four : |
| Remainder of title |
a divergent collection / |
| Statement of responsibility, etc. |
Veronica Roth |
| 260 ## - PUBLICATION, DISTRIBUTION, ETC. |
| Place of publication, distribution, etc. |
London : |
| Name of publisher, distributor, etc. |
HarperCollins, |
| Date of publication, distribution, etc. |
2015. ©2014. |
| 300 ## - PHYSICAL DESCRIPTION |
| Extent |
285 p. ; |
| Dimensions |
20 cm. |
| 440 ## - SERIES STATEMENT/ADDED ENTRY--TITLE |
| Title |
Divergent |
| 520 ## - SUMMARY, ETC. |
| Summary, etc. |
Fans of the Divergent series by No. 1 New York Times bestselling author Veronica Roth will be thrilled by Four: A Divergent Collection, a companion volume that includes four pre-Divergent stories told from Tobias Eaton's point of view. |
| 650 ## - SUBJECT ADDED ENTRY--TOPICAL TERM |
| Topical term or geographic name entry element |
Dystopias. |
| 650 ## - SUBJECT ADDED ENTRY--TOPICAL TERM |
| Topical term or geographic name entry element |
Young adult fiction |
| 942 ## - ADDED ENTRY ELEMENTS (KOHA) |
| Source of classification or shelving scheme |
|
| Koha item type |
Books - Fiction |